Quiz sur la série Power (2014) - Statistiques

Statistiques générales
  • Ce quiz a été pris 159 fois
  • Le résultat moyen est 6 sur 15
Statistiques - réponses
Hint Réponse % Correct
Comment se nomme la boite de nuit de Jamie ? Le Truth
88%
D'ou viennent Tasha, Angela, James, Tommy et Kanan ? South Jamaica
75%
Quel est le nom de l'avocat attitré de James et Tommy ? Joe Proctor
67%
Pays d'origine de Milan, Vladimir et Jason Serbie
58%
Comment s'appelle le fils de LaKeisha Grant ? Cash
46%
Marque de voiture préférée de Tommy Mustang
42%
Quel est le nom de la mère de Tommy ? Kate Egan
40%
Quel est le surnom de la première victime de Tariq ? Ray Ray
37%
Qui tue André Coleman ? 2bit
36%
Nom de l'ancien gang de Julio Les Toros Locos
34%
Jamie à eu 3 conquètes durant la série : Angela, Tasha et ? Ramona Garitty
30%
Ghost avoue lui même à Tariq avoir tué son mentor pour prendre sa place, comment s'appelait t'il ? Breeze
26%
Dans quelle ville part se cacher Kanan Stark après avoir été brulé ? Washington
24%
Comment se nomme le frère de Rashad Tate ? Kamaal
16%
Dans quelle université Tariq commence à vendre de la drogue ? Choate
12%
Aucun quiz correspondant
Distribution des résultats
% des personnes avec chaque résultat
Percentile par nombre de réponses
Votre historique - résultats
Vous n’avez pas pris ce quiz